Kluby piłkarskie na Śląsku - Statystyki

Ogólne statystyki
  • Ten quiz został rozwiązany 790 razy
  • Średni wynik to 12 z 16
Statystyki odpowiedzi
Miasto Odpowiedź % Poprawnych
Chorzów Ruch
95%
Katowice GKS
94%
Zabrze Górnik
94%
Gliwice Piast
93%
Tychy GKS
90%
Częstochowa Raków
90%
Sosnowiec Zagłębie
90%
Bielsko-Biała Podbeskidzie
88%
Bytom Polonia
87%
Jastrzębie GKS
80%
Rybnik ROW
74%
Radzionków Ruch
69%
Wodzisław Śląski Odra
66%
Bytom Szombierki
58%
Knurów Concordia
42%
Bielsko-Biała Stal
27%
Nie znaleziono quizów pasujących do podanych kryteriów
Rozkład punktacji
Procent ludzi z każdym wynikiem
Percentyl według liczby udzielonych odpowiedzi
Twoja historia wyników
Nie rozwiązałeś tego quizu